01222nam a2200265 a 450000100060000000300090000600500170001500800410003203500190007303500120009204000320010404100080013608200270014411000610017124503260023226000660055830000230062450000590064750000160070665000350072265000250075794200120078299900170079495201450081160314BD-RJUL 20211209080826.0161229s1950 nyua 000 0 eng  aBD-RJUL 60438 a8368686 aDLCcOCdDLCdBD-RJUL beng aeng 223 a332.67bUND 1950 2 aUnited Nations.bDepartment of Economic Affairs.917949010aDomestic financing of economic development :bmethods of increasing domestic savings and of ensuring their most advantageous use for the purpose of economic development /c[Prepared by the Economic Development Section of the Division of Economic Stability and Development in the United Nations Dept. of Economic Affairs]. aNew York :bUnited Nations, Dept. of Economic Affairs,c1950. a231 P. ; c25 cm.  a"United Nations publications. Sales no.: 1951.II.B.1." a"ST/ECA/7." 0aSaving and investment.9177036 0aInvestments.9173568 2ddccBK c60314d60314 00102ddc40718NFICaRUCLbRUCLcReadingd1955-12-06eThomas & Thomasg5.40l0o332.67 UND 1950r2016-12-29 00:00:00tC-1w2016-12-29yBK